Interactive drilling for fast track oilfield development : proceedings of the seminar held in Rueil-Malmaison, November 9, 1999 /

Bibliographic Details
Corporate Author: Institut français du pétrole
Other Authors: Lecourtier, Jacqueline
Format: Book
Language:English
Published: Paris : Editions Technip, 2001.
Subjects:

MARC

Tag First Indicator Second Indicator Subfields
LEADER 00000cam a2200000K 4500
001 in00001634310
005 20151023063326.0
008 010716s2001 fr a b 100 0 eng d
035 |a (OCoLC)ocm47350190 
035 |a (III)iiio40433067 
040 |a EYM  |c EYM  |d TXA  |d UtOrBLW 
049 |a TXAM 
090 |a TN863  |b .I49 2001 
245 0 0 |a Interactive drilling for fast track oilfield development :  |b proceedings of the seminar held in Rueil-Malmaison, November 9, 1999 /  |c edited by Jacqueline Lecourtier. 
264 1 |a Paris :  |b Editions Technip,  |c 2001. 
300 |a 118 pages :  |b illustrations ;  |c 24 cm. 
336 |a text  |b txt  |2 rdacontent 
337 |a unmediated  |b n  |2 rdamedia 
338 |a volume  |b nc  |2 rdacarrier 
500 |a "Les entretiens IFP."--Title page. 
504 |a Includes bibliographical references. 
650 0 |a Petroleum engineering  |v Congresses. 
700 1 |a Lecourtier, Jacqueline. 
710 2 |a Institut français du pétrole. 
994 |a E0  |b TXA 
948 |a cataloged  |b h  |c 2001/8/21  |d c  |e jlanham  |f 1:43:06 pm 
999 |a MARS 
999 f f |s a1329dd4-ee35-302c-b9d5-2f79746031aa  |i ee5f433b-2f20-3ceb-9c5d-6702af91107d  |t 0 
952 f f |p ric  |a Texas A&M University  |b Rellis Campus  |c Joint Library Facility  |d Remote Storage  |t 0  |e TN863 .I49 2001  |h Library of Congress classification  |i unmediated -- volume  |m A14827756645 
998 f f |a TN863 .I49 2001  |t 0  |l Remote Storage